Представление документа в формате RUSMARC

ПолеНазваниеЗначение
  Тип записи a
  Библиографический уровень m
001 Контрольный номер RU/SLIB/B/208731624
005 Дата корректировки 20260624113440.6
010 Индекс ISBN __
d Цена 1-00
101 Язык документа 0_
a Язык текста rus
200 Заглавие и сведения об ответственности 0_
a Заглавие Решения партии и правительства по хозяйственным вопросам
e Сведения, относящиеся к заглавию сб. док.
f Первые сведения об ответственности сост.: К.У. Чеpненко, М.С. Смиpтюков
b Общее обозначение материала Текст
h Номер части Т. 15, Ч. 2
i Наименование части Май 1984 г. - апрель 1985 г.
210 Выходные данные 1_
a Место издания М.
c Издательство Политиздат
d Дата издания 1985
215 Физическое описание __
a Объем 320 с.
606 Тематические рубрики __
a Основная рубрика Экономика
606 Тематические рубрики __
a Основная рубрика Экономическая история
z Хронологическая подрубрика 1984 г.; 1985 г.; 20 в.
y Географическая подрубрика СССР
610 Ключевые слова 0_
a Ключевые слова экономическое развитие; советская экономика; история экономики; партийное руководство
686 Индексы других классификаций __
a Классификационный индекс 65.03(2)6
686 Индексы других классификаций __
a Классификационный индекс 63.3(2)6-2
702 Вторичная интеллектуальная ответственность _1
a Фамилия Черненко
b Имя К. У.
4 Код отношения Составитель
4 Код отношения 220
702 Вторичная интеллектуальная ответственность _1
a Фамилия Смиртюков
b Имя М. С.
4 Код отношения Составитель
4 Код отношения 220
801 Источник записи _0
a Страна RU
b Организация Муниципальное бюджетное учреждение культуры "Централизованная библиотечная система" г. Сургут (Центральная городская библиотека им. А. С. Пушкина)
g Правила каталогизации КиК/Лебедева
801 Источник записи _1
a Страна RU
b Организация Муниципальное бюджетное учреждение культуры "Централизованная библиотечная система" г. Сургут (Центральная городская библиотека им. А. С. Пушкина)
g Правила каталогизации КиК/Лебедева
852 Данные о местонахождении __
j Шифр хранения 65.03(2)6
c Каталожный индекс 65.9(2); 66.61(2)
i Авторский знак Р 47
p Инвентарный номер 25093
901 Тип документа __
t Тип документа m
990 Данные о заказе (DOS) __
j Количество экземпляров (DOS) 1
t N записи в КСУ для И/У (DOS) 199101